000 00788nam a2200253Ia 4500
003 OSt
005 20221002051228.0
006 a|||||r|||| 00| 0
007 ta
008 220930b |||||||| |||| 00| 0 eng d
024 _a23311
037 _cReference Collections
040 _aCRL
_cCRL
_beng
041 _2eng
_aeng
082 _aL72:46, M4(RR)
111 _aNEW DELHI, ALL-INDIA INSTITUTE OF MEDICAL SCIENCES, NEUROSURGERY & ANATOMY(Department of-)
_9572250
245 0 _aNutrition and brain Ed by P N Tandon and Gomathy Gopinath
260 _aNew Delhi
_bIndian National Science
_c1984
300 _a93p.
_ccm.
500 _aStatus Report series, 1
650 _aMEDICINE
942 _hL72:46, M4(RR)
_cref
_2CC
999 _c916273
_d916273